000
00314nam a2200109Ia 4500
008
171211s9999 xx 000 0 und d
245
_a
Nuke 101: Professional Compositing and Visual Effects
245
_c
Ron Ganbar
260
_c
2011
650
_x
Design
856
_u
http://down.ebook777.com/062/9783631660928.pdf
999
_c
347889
_d
347889